Plánovanie podľa Metodickej príručky pre predškolskú výchovu Krok za krokom

Bibliographic Details
Main Author: Wagnerová, Eva (Author)
Format: Article
Language:Slovak
Subjects:

MARC

LEADER 00000nab a2200000 a 4500
001 vtls000786961
003 SK-MaSNL
005 20260304105746.0
008 250429c20012002xo 0 slo
015 |a SNBRB2002/03-09243 
035 |a CLN000138616 
035 |a urn:nbn:sk:snk-abbv5f 
035 |a (urnnbn)urn:nbn:sk:snk:ar-002lgc 
035 |a (uuid)5fa2bffb-f777-483f-95eb-0e9df06ad2b7 
040 |a SNKBUCL  |b slo  |c SNKBUCL  |e AACR2 
041 0 |a slo 
044 |a xo  |c SK 
080 |a 371.214:372.3  |2 1997 
080 |a 372.3  |2 1997 
080 |a 373.2  |2 1997 
100 1 |a Wagnerová, Eva  |4 aut  |9 377683 
245 1 0 |a Plánovanie  |b podľa Metodickej príručky pre predškolskú výchovu Krok za krokom  |c Eva Wagnerová 
650 0 7 |a plánovanie  |2 SNKPH  |9 15324 
650 0 7 |a predškolská výchova  |2 SNKPH  |9 3959 
655 7 |a články z novín a časopisov  |2 SNK  |9 267496 
773 0 |t Predškolská výchova  |g Roč. 56, č. 3 (2001/2002), s. 12-14 
850 |a Slovenská národná knižnica 
852 |a Slovenská národná knižnica 
954 |a odborná, vedecká literatúra pôvodná (slovenská)  |2 lita 
958 |a article15 
958 |a SK 
958 |a OND 
958 |a EUIPO 
992 |a RBX 
999 |c 2856972  |d 2858902